| 000 | 00664 a2200181 4500 | ||
|---|---|---|---|
| 020 | _a007123425X | ||
| 020 | _a9780071234252 | ||
| 090 |
_c2990 _d2990 |
||
| 100 | 1 | _aGray, Erik W. Larson Clifford F. | |
| 245 | 1 | 0 |
_aProject management the managerial process / _cErik W. Larson Clifford F. Gray. |
| 250 | _a2nd ed. | ||
| 260 |
_a[S.l.] : _bThe McGraw-Hill Companies, Inc., _c2003. |
||
| 300 |
_a574 p. ; _c26 cm. |
||
| 500 | _aPaperback. | ||
| 856 | 4 | 0 |
_3Amazon.com _uhttp://www.amazon.com/exec/obidos/ASIN/007123425X/chopaconline-20 |
| 856 | 4 | 0 |
_3Amazon customer reviews _uhttp://www.chopac.org/cgi-bin/tools/azrev.pl?q=007123425X |
| 942 |
_aNBS _cBK _k658.404 GRA |
||
| 999 |
_c345480 _d345480 |
||